Szczegóły MARC21

Alienacja współczesnego człowieka : formy wsparcia i pomocy : III konferencja środowiskowa /

005 -DATA I CZAS OSTATNIEJ MODYFIKACJI [,]
    • @
    • pole kontrolne
    • 20070315155141.9
040 -Instytucja sporządzająca opis [ , ]
    • a
    • Instytucja, która sporządziła opis (NP)
    • SZCZ U
    • c
    • Instytucja, która sporządziła rekord (NP)
    • SZCZ U
041 -Język dokumentu [0, ]
    • a
    • Język tekstu (P)
    • polski
    • h
    • Język tekstu oryginalnego i/lub pośredniego (P)
    • polski
942 -Rodzaj dokumentu [ , ]
    • c
    • Rodzaj dokumentu
    • Książka
245 -Strefa tytułu i oznaczenia odpowiedzialności [0, ]
    • a
    • Tytuł
    • Alienacja współczesnego człowieka : Find
    • b
    • Ciąg dalszy tytułu (NP)
    • formy wsparcia i pomocy : III konferencja środowiskowa / Find
    • c
    • Pozostałe elementy strefy tytułu i oznaczenia odpowiedzialności (NP)
    • Polskie Tow.Pomocy Telefonicznej. Oddz.w Szczecinie, Telefon Zaufania998 ; [red. Anna Murawska].
260 -Strefa adresu wydawniczego [ , ]
    • a
    • Miejsce wydania (P)
    • Szczecin ; Łukęcin :
    • b
    • Nazwa wydawcy (P)
    • [b.w.],
    • c
    • Data wydania (P)
    • 2002.
300 -Strefa opisu fizycznego [ , ]
    • a
    • Określenie formy książki i/lub objętość (NP)
    • 80 s. :
    • c
    • Format (NP)
    • 24 cm.
500 -Uwaga ogólna [ , ]
    • a
    • Uwaga ogólna (NP)
    • Bibliogr
080 -Uniwersalna Klasyfikacja Dziesiętna [ , ]
    • a
    • Symbol klasyfikacji
    • 364.075(438)(061)
080 -Uniwersalna Klasyfikacja Dziesiętna [ , ]
    • a
    • Symbol klasyfikacji
    • +316.6(438)(061)
980 -Symbol UKD [ , ]
    • a
    • UKD
    • 364.075+316.6](438)(061)
700 -Hasło dodatkowe - nazwa osobowa [ , ]
    • a
    • Nazwa osobowa (NP)
    • Murawska, Anna Find
    • 9
    • KHW
    • 47850
    • c
    • Dopowiedzenie inne niż daty biograficzne (NP)
    • (pedagogika).
Numer inwentarzowy Status udost. Lokalizacja Data inwentaryzacji
Pd.154661BG2003-08-27